|
|
|
|
| LEADER |
00000nam0a2200000 4500 |
| 001 |
23467 |
| 005 |
20231101205542.0 |
| 035 |
|
|
|a (RuTPU)RU\TPU\book\23686
|
| 035 |
|
|
|a BOOK00023759
|
| 090 |
|
|
|a 23467
|
| 100 |
|
|
|a 20011209d1965 m y0rusy50 ca
|
| 101 |
0 |
|
|a fre
|a rus
|
| 102 |
|
|
|a RU
|
| 105 |
|
|
|a y j 000zy
|
| 200 |
1 |
|
|a Учебник французского языка
|f Е. П. Джеваго, Т. Б. Ганцкая, Д. М. Баранова
|
| 210 |
|
|
|a Москва
|c Международные отношения
|d 1965
|
| 215 |
|
|
|a 328 с.
|
| 606 |
1 |
|
|a Французский язык
|x Учебные руководства и пособия для вузов
|2 stltpush
|3 (RuTPU)RU\TPU\subj\16836
|9 42736
|
| 610 |
1 |
|
|a учебные пособия
|
| 610 |
1 |
|
|a грамматика
|
| 610 |
1 |
|
|a лексика
|
| 686 |
|
|
|a Ш147.11-923
|v LBC/SL-A
|2 rubbk
|
| 700 |
|
1 |
|a Джеваго
|b Е. П.
|g Екатерина Петровна
|
| 701 |
|
1 |
|a Ганцкая
|b Т. Б.
|g Тамара Бруновна
|
| 701 |
|
1 |
|a Баранова
|b Д. М.
|g Дина Михайловна
|
| 801 |
|
0 |
|a RU
|b 63413507
|c 20011209
|g PSBO
|
| 801 |
|
2 |
|a RU
|b 63413507
|c 20220607
|g PSBO
|
| 942 |
|
|
|c BK
|